000 00192 a2200085 4500
020 _a9781760764531
100 _aNICK SISSONS
245 _aGLENN MURCUTT: UNBUILT WORKS
260 _bTHAMES & HUDSON
999 _c13061
_d13061